Generácia, ktorá robí biznis na youtube

Na mladých ľudí dávno nemajú zásadný vplyv tlačené médiá či televízia. Svojich hrdinov, ktorí ich ovplyvňujú, si našli vo virtuálnom svete sociálnych sietí YouTube, Facebook či Instagram. Markentingovo sa ich chopili aj firmy a reklamné agentúry. Youtuberi tak dostávajú cez reklamné agentúry zákazky...

Descrizione completa

Salvato in:
Dettagli Bibliografici
Autore principale: Tvardzík, Jozef
Altri autori: Poláš, Martin
Natura: Capitolo di libro
Lingua:slovacco
Soggetti:
Tags: Aggiungi Tag
Nessun Tag, puoi essere il primo ad aggiungerne!!

MARC

LEADER 00000naa a2200000 4500
001 0234211
005 20170704124111.2
041 0 |a slo 
044 |a SK 
245 1 0 |a Generácia, ktorá robí biznis na youtube  |c Jozef Tvardzík, Martin Poláš 
520 |a Na mladých ľudí dávno nemajú zásadný vplyv tlačené médiá či televízia. Svojich hrdinov, ktorí ich ovplyvňujú, si našli vo virtuálnom svete sociálnych sietí YouTube, Facebook či Instagram. Markentingovo sa ich chopili aj firmy a reklamné agentúry. Youtuberi tak dostávajú cez reklamné agentúry zákazky za tisíce eur. Youtuberi sa stali modelmi správania a pozývajú diváka k sebe domov. Hovoria jazykom svojich kamarátov a riešia témy, ktorým dospelí už nerozumejú. 
610 2 0 |a siete sociálne 
610 2 0 |a komunikácia elektronická 
610 2 0 |a mládež 
610 2 0 |a správanie 
610 2 0 |a médiá 
610 2 0 |a firmy 
610 2 0 |a reklama 
100 1 |a Tvardzík, Jozef 
700 1 |a Poláš, Martin